000 nam a22 7a 4500
999 _c10247
_d10247
008 180213b ||||| |||| 00| 0 eng d
100 _aMacaw book
_96236
245 _aFacts and More Wild Animals
260 _aUSA
_bMacaw Books
_c2009